000 01103nam a22002657a 4500
999 _c11249
_d11249
003 AR-CdUCM
008 190403b ||||| |||| 00| 0 spa d
040 _aMUNICIPALIDAD PROVINCIAL DEL CUSCO
_cBIBLIOTECA MUNICIPAL DEL CUSCO
041 _hnth
082 _a342.849 /
_bF56
100 _aAsser, Tobías Michael Carel,
_928519
245 _aDerecho internacional privado /
260 _aMadrid :
_bLa España Moderna.
300 _a298 paginas ;
_c 22 cm.
440 _aBiblioteca de jurisprudencia, filosofía e historia
_928377
500 _aDedicatoria
505 _aContenido : Noción y objeto del derecho internacional privado -- Estado actual de la ciencia del derecho internacional privado -- Fuentes del derecho internacional privado -- Conflicto de leyes civiles o derecho civil internacional -- De la forma de los actos...
650 _aDerecho internacional privado
_99737
650 _aHolanda
_928520
650 _aPoder judicial
_96955
700 _aFernadez Prida, Joaquin (Traductor)
_928521
700 _aRivier, Alfonso
_928522
942 _2ddc
_cLIBROS
945 _awnts